书目信息 |
| 题名: |
新编大学英语四级考试高分突破(阅读·翻译·简答)
|
|
| 作者: | 孙亦丽 主编 | |
| 分册: | ||
| 出版信息: | 北京 科学技术文献出版社 2000.05 |
|
| 页数: | 274页 | |
| 开本: | 20cm | |
| 丛书名: | ||
| 单 册: | ||
| 中图分类: | H319.4 | |
| 科图分类: | ||
| 主题词: | 英语 | |
| 电子资源: | ||
| ISBN: | 7-5023-3159-X | |
| 000 | 00680nam0 2200205 45 | |
| 001 | 0334475341 | |
| 005 | 2003101609343530 | |
| 010 | @a7-5023-3159-X@dCNY 9.50 | |
| 100 | @a20031016d2000 km y0chiy0120 ea | |
| 101 | 0 | @achi |
| 102 | @aCN@b110000 | |
| 200 | 1 | @a新编大学英语四级考试高分突破(阅读·翻译·简答)@AXin Bian Da Xue Ying Yu Si Ji Kao Shi Gao Fen Tu Po(Yue Du·Fan Yi·Jian Da)@f孙亦丽主编@FSun Yi Li Zhu Bian |
| 210 | @a北京@c科学技术文献出版社@d2000.05 | |
| 215 | @a274页@d20cm | |
| 300 | @a根据教育部最新考试大纲调整范围编写 | |
| 606 | 0 | @a英语 |
| 690 | @aH319.4@v3 | |
| 701 | 0 | @a孙亦丽@ASun Yi Li@4主编 |
| 801 | 0 | @aCN@bPFT@c20031016 |
| 905 | @a安徽大学@dH319.4@eS973 | |
| 新编大学英语四级考试高分突破(阅读·翻译·简答)/孙亦丽主编.-北京:科学技术文献出版社,2000.05 |
| 274页;20cm |
| 根据教育部最新考试大纲调整范围编写 |
| ISBN 7-5023-3159-X:CNY 9.50 |
| ● |
| 相关链接 |
|
|
|
正题名:新编大学英语四级考试高分突破(阅读·翻译
索取号:H319.4/S973
 
预约/预借
| 序号 | 登录号 | 条形码 | 馆藏地/架位号 | 状态 | 备注 |
| 1 | 173711 | 201737111 | 社科二线400B/400B社科库 12排1列5层/ [索取号:H319.4/S973] | 在馆 | |
| 2 | 173712 | 201737120 | 语言库209/209语言库 48排6列4层/ [索取号:H319.4/S973] | 在馆 | |
| 3 | 173713 | 201737139 | 语言库209/209语言库 48排6列4层/ [索取号:H319.4/S973] | 在馆 | |
| 4 | 173714 | 201737148 | 语言库209/209语言库 48排6列4层/ [索取号:H319.4/S973] | 在馆 | |
| 5 | 173715 | 201737157 | 语言库209/209语言库 48排6列4层/ [索取号:H319.4/S973] | 在馆 |